000 00803nam a2200265Ia 4500
003 OSt
005 20220930202333.0
006 a|||||r|||| 00| 0
007 ta
008 220926b |||||||| |||| 00| 0 hin d
024 _a91092
037 _cDissertations
040 _aCRL
_cCRL
_bhin
041 _2hin
_ahin
100 _aKusum Singh
_9566773
110 _aUniversity of Delhi. Faculty of Arts. Department of Hindi
245 0 _aNeeraj ke geeton mein adhunik bhav bodh
260 _c2007
300 _a70p
_ccm.
650 _aHINDI LITERATURE
_923866
700 _a Prof. Kailash Narayan Tiwari Gu.
_9566774
700 _aUniversity of Delhi. Faculty of Arts. Department of Hindi
942 _cDIS
_2CC
999 _c903059
_d903059